90 minutes in heaven : (Record no. 3346)
[ view plain ]
| 000 -LEADER | |
|---|---|
| fixed length control field | 02022cam a22004214a 4500 |
| 001 - CONTROL NUMBER | |
| control field | 54853250 |
| 003 - CONTROL NUMBER IDENTIFIER | |
| control field | OCoLC |
| 005 - DATE AND TIME OF LATEST TRANSACTION | |
| control field | 20181108171737.0 |
| 008 - FIXED-LENGTH DATA ELEMENTS--GENERAL INFORMATION | |
| fixed length control field | 040322s2004 miua b 000 0deng |
| 010 ## - LIBRARY OF CONGRESS CONTROL NUMBER | |
| LC control number | 2004006778 |
| 020 ## - INTERNATIONAL STANDARD BOOK NUMBER | |
| International Standard Book Number | 0800759494 |
| 020 ## - INTERNATIONAL STANDARD BOOK NUMBER | |
| International Standard Book Number | 9780800759490 |
| 020 ## - INTERNATIONAL STANDARD BOOK NUMBER | |
| International Standard Book Number | 9780800719050 (hc) |
| 020 ## - INTERNATIONAL STANDARD BOOK NUMBER | |
| International Standard Book Number | 0800719050 (hc) |
| 020 ## - INTERNATIONAL STANDARD BOOK NUMBER | |
| International Standard Book Number | 9780739453933 (hc) |
| 020 ## - INTERNATIONAL STANDARD BOOK NUMBER | |
| International Standard Book Number | 0739453939 (hc) |
| 020 ## - INTERNATIONAL STANDARD BOOK NUMBER | |
| International Standard Book Number | 0800731662 |
| 020 ## - INTERNATIONAL STANDARD BOOK NUMBER | |
| International Standard Book Number | 9780800731663 |
| 035 ## - SYSTEM CONTROL NUMBER | |
| System control number | (OCoLC)54853250 |
| 040 ## - CATALOGING SOURCE | |
| Original cataloging agency | DLC |
| Language of cataloging | eng |
| Transcribing agency | DLC |
| Modifying agency | BAKER |
| -- | IH5 |
| -- | EGM |
| -- | BTCTA |
| -- | YDXCP |
| -- | IEF |
| -- | IG# |
| -- | SMP |
| -- | FSM |
| -- | FLR |
| -- | T7B |
| -- | OCLCQ |
| -- | MPL |
| -- | LPL |
| 042 ## - AUTHENTICATION CODE | |
| Authentication code | pcc |
| 050 ## - LIBRARY OF CONGRESS CALL NUMBER | |
| Classification number | BT846.3 |
| Item number | .P56 2004 |
| 082 ## - DEWEY DECIMAL CLASSIFICATION NUMBER | |
| Classification number | 231.73 |
| Item number | P665n |
| 100 1# - MAIN ENTRY--PERSONAL NAME | |
| Personal name | Piper, Don, |
| Dates associated with a name | 1950- |
| 245 10 - TITLE STATEMENT | |
| Title | 90 minutes in heaven : |
| Remainder of title | a true story of death & life / |
| Statement of responsibility, etc. | Don Piper with Cecil Murphey |
| 246 3# - VARYING FORM OF TITLE | |
| Title proper/short title | Ninety minutes in heaven |
| 260 ## - PUBLICATION, DISTRIBUTION, ETC. | |
| Place of publication, distribution, etc. | Grand Rapids, Mich. : |
| Name of publisher, distributor, etc. | Revell, |
| Date of publication, distribution, etc. | c2004 |
| 300 ## - PHYSICAL DESCRIPTION | |
| Extent | 207 p. : |
| Other physical details | ill. ; |
| Dimensions | 22 cm |
| 504 ## - BIBLIOGRAPHY, ETC. NOTE | |
| Bibliography, etc. note | Includes bibliographical references (p. 207) |
| 505 0# - FORMATTED CONTENTS NOTE | |
| Formatted contents note | The accident -- My time in heaven -- Heavenly music -- From heaven to earth -- Earth to hospital -- The recovery begins -- Decisions and challenges -- Pain and adjustments -- Endless adjustments -- More miracles -- Back to church -- Opening up -- The clasping hand -- The new normal -- Touching lives -- Finding purpose -- Longing for home -- The why questions |
| 520 0# - SUMMARY, ETC. | |
| Summary, etc. | As he is driving home from a minister's conference, Baptist minister Don Piper collides with a semi-truck that crosses into his lane. He is pronounced dead at the scene. For the next 90 minutes, Piper experiences heaven where he is greeted by those who had influenced him spiritually. He hears beautiful music and feels true peace |
| 600 10 - SUBJECT ADDED ENTRY--PERSONAL NAME | |
| Personal name | Piper, Don, |
| Dates associated with a name | 1950- |
| 650 #0 - SUBJECT ADDED ENTRY--TOPICAL TERM | |
| Topical term or geographic name entry element | Heaven |
| General subdivision | Christianity |
| 650 #0 - SUBJECT ADDED ENTRY--TOPICAL TERM | |
| Topical term or geographic name entry element | Near-death experiences |
| General subdivision | Religious aspects |
| -- | Christianity |
| 700 1# - ADDED ENTRY--PERSONAL NAME | |
| Personal name | Murphey, Cecil |
| 856 41 - ELECTRONIC LOCATION AND ACCESS | |
| Materials specified | Table of contents |
| Uniform Resource Identifier | <a href="http://catdir.loc.gov/catdir/toc/ecip0416/2004006778.html">http://catdir.loc.gov/catdir/toc/ecip0416/2004006778.html</a> |
| 942 ## - ADDED ENTRY ELEMENTS (KOHA) | |
| Source of classification or shelving scheme | Dewey Decimal Classification |
| Koha item type | Books |
| Withdrawn status | Lost status | Source of classification or shelving scheme | Damaged status | Not for loan | Collection code | Home library | Current library | Shelving location | Date acquired | Cost, normal purchase price | Total Checkouts | Full call number | Barcode | Date last seen | Price effective from | Koha item type |
|---|---|---|---|---|---|---|---|---|---|---|---|---|---|---|---|---|
| Dewey Decimal Classification | Non-fiction | Harvest Mission College | Harvest Mission College | General Stacks | 08.11.2018 | 800.00 | 231.73 P665n | 003925 | 08.11.2018 | 08.11.2018 | Books | |||||
| Dewey Decimal Classification | Non-fiction | Harvest Mission College | Harvest Mission College | General Stacks | 08.11.2018 | 800.00 | 231.73 P665M | 011193 | 04.02.2021 | 08.11.2018 | Books | |||||
| Dewey Decimal Classification | Non-fiction | Harvest Mission College | Harvest Mission College | General Stacks | 08.11.2018 | 800.00 | 231.73 P665M | 011191 | 04.02.2021 | 08.11.2018 | Books | |||||
| Dewey Decimal Classification | Non-fiction | Harvest Mission College | Harvest Mission College | General Stacks | 18.06.2026 | 231.73 P665M | 013506 | 18.06.2026 | 18.06.2026 | Books |
